000 01504nam0a22003491 4500
001 rc\2284856
005 20250623043048.0
035 _a(NLR Aleph) 006563733
090 _a6871288
_c6871288
100 _a20110829d1976 |||y0rusy50 ca
101 0 _arus
102 _aRU
105 _aa z |||||
200 1 _aГеология и нефтегазоносность юго-западной части Прикаспийской синеклизы
_fН.И. Воронин, Д.Л. Федоров
_gНиж.-Волж. науч.-исслед. ин-т геологии и геофизики
210 _aСаратов
_cИзд-во Сарат. ун-та
_d1976
215 _a192 с.
_cил.
_d20
320 _aСписок лит.: с. 186-191
606 _aНефтеносные районы
_yПрикаспийская впадина
_2psbo
606 _aГеология
_yПрикаспийская впадина
_2psbo
606 _aГазоносные районы
_yПрикаспийская впадина
_2psbo
686 _aД453.1-56
_2rubbk
686 _aД9(2Р355.7)3
_2rubbk
700 1 _aВоронин
_bН.И.
701 1 _aФедоров
_bД. Л.
_cд-р. геол.-минерал. наук
_f1931-
_gДмитрий Леонидович
_9140516
_3RU\NLR\AUTH\770140552
801 0 _aRU
_bNLR
_gpsbo
801 1 _aRU
_bELAR
_2rusmarc
852 _aNLR
_j77-3/3707
899 _aRuMoRGB
_jБ 76-6/1508
899 _aRuMoRGB
_jБ 76-6/1509
942 _cBOOK
980 _aNB